00783nam a22001697a 4500008004100000020001800041050002000059100004600079245007300125260004500198300003500243500006100278505017500339650002600514650003900540650003400579140807b2013 sp a|||| |||| 00| 0 spa d a9788499589626 aRA790bH65 2013 aHombrados Mendieta, María Isabeleautor aManual de psicología comunitariac/ Ma. Isabel, Hombrados Mendieta aEspañab: Editorial Síntesisc, 2013 a249 páginasb: ilustraciones aIncluye: Indice, Prólogo, Referencias bibliográficas aLa naturaleza conceptual de la Psicología Comunitaria Perspectivas metodológicas La intervención comunitaria: recursos, técnicas y contextos de intervención 0aPSICOLOGÍA APLICADA 0aPSICOLOGÍA COMUNITARIAxMANUALES aPSICOLOGÍA SOCIALxHISTORIA